[Event "ch-AUS 2014"]
[Site "Melbourne AUS"]
[Date "2014.01.05"]
[Round "5.18"]
[White "Levi,Ed"]
[Black "Stojic,Svet"]
[Result "1-0"]
[WhiteElo "2134"]
[BlackElo "2029"]

1.e4 c5 2.Nf3 d6 3.Bb5+ Nd7 4.O-O Nf6 5.Re1 e5 6.c3 a6 7.Bf1 g6 8.d4 Bg7
9.a4 O-O 10.Na3 exd4 11.cxd4 Re8 12.e5 dxe5 13.dxe5 Nxe5 14.Nxe5 Qxd1 15.Rxd1 Rxe5
16.Nc4 Rd5 17.Re1 Rd8 18.Nb6 Ra7 19.Bf4 Be6 20.Rad1 Re8 21.Re2 h6 22.Red2 Bb3
23.Rc1 Ne4 24.Re1 g5 25.Rxe4 Rxe4 26.Rd8+ Kh7 27.Bd3 f5 28.Bxe4 fxe4 29.Bb8 Bxb2
30.Bxa7 c4 31.Rd7+ Kg6 32.Nd5 b5 33.axb5 axb5 34.Ne3 b4 35.Bd4 Bxd4 36.Rxd4 c3
37.Rxb4 c2 38.Rb6+  1-0

[Event "19th Bosnjaci Open 2014"]
[Site "Bosnjaci CRO"]
[Date "2014.01.06"]
[Round "5.15"]
[White "Blagojevic,Tijana"]
[Black "Stocko,J"]
[Result "0-1"]
[WhiteElo "2006"]
[BlackElo "2241"]

1.e4 c5 2.Nf3 d6 3.Bb5+ Nd7 4.d4 cxd4 5.Qxd4 e5 6.Qd3 h6 7.O-O Nf6 8.c4 Be7
9.Nc3 O-O 10.Bxd7 Bxd7 11.Rd1 Qc7 12.b3 a6 13.a4 Rfd8 14.Ba3 Be6 15.Ne1 Rac8
16.Bc1 Rd7 17.h3 Qb8 18.Be3 Bd8 19.f4 exf4 20.Bxf4 Ba5 21.Ne2 b5 22.axb5 axb5
23.cxb5 Bb6+ 24.Kh1 Qb7 25.Ra4 d5 26.e5 Ne4 27.Be3 d4 28.Bg1 Nc5 29.Qg3 Bxb3
30.Rdxd4 Bxa4 31.Rg4 Ne6 32.Nf4 Bd1 33.Nf3 Bxf3 34.gxf3 Rc1 35.Rxg7+ Nxg7
36.Nh5 Rxg1+  0-1

[Event "19th Bosnjaci Open 2014"]
[Site "Bosnjaci CRO"]
[Date "2014.01.06"]
[Round "6.11"]
[White "Matanovic,Luka"]
[Black "Zivkovic,Vj"]
[Result "1/2-1/2"]
[WhiteElo "2055"]
[BlackElo "2365"]

1.e4 c5 2.Nf3 d6 3.Bb5+ Bd7 4.Bxd7+ Qxd7 5.O-O Nf6 6.Qe2 Nc6 7.c3 e6 8.d4 cxd4
9.cxd4 d5 10.e5 Ng8 11.b3 Nge7 12.Ba3 Ng6 13.Bxf8 Nxf8 14.Nc3 Ng6 15.Na4 b6
16.Rac1 O-O 17.Rc3 Rfc8 18.Rfc1 Nce7 19.g3  1/2-1/2